<?xml version="1.0" encoding="UTF-8"?>
<record
    xmlns:xsi="http://www.w3.org/2001/XMLSchema-instance"
    xsi:schemaLocation="http://www.loc.gov/MARC21/slim http://www.loc.gov/standards/marcxml/schema/MARC21slim.xsd"
    xmlns="http://www.loc.gov/MARC21/slim">

  <leader>01929naa a2200265 i 4500</leader>
  <controlfield tag="001">BPP</controlfield>
  <controlfield tag="003">BPK</controlfield>
  <controlfield tag="005">20190606151629.0</controlfield>
  <controlfield tag="008">140731s1995    pl     f     |000 0 pol</controlfield>
  <datafield tag="040" ind1=" " ind2=" ">
    <subfield code="c">BPK</subfield>
  </datafield>
  <datafield tag="080" ind1=" " ind2=" ">
    <subfield code="a">621.791/.795</subfield>
  </datafield>
  <datafield tag="100" ind1=" " ind2=" ">
    <subfield code="a">KARPI&#x143;SKI, Tadeusz.</subfield>
    <subfield code="d">1996 - 2001.</subfield>
    <subfield code="b">Politechnika Koszali&#x144;ska - Wydzia&#x142; Mechaniczny,</subfield>
    <subfield code="c">Katedra In&#x17C;ynierii Produkcji</subfield>
  </datafield>
  <datafield tag="245" ind1=" " ind2=" ">
    <subfield code="a">Ocena mikronier&#xF3;wno&#x15B;ci superg&#x142;adkich powierzchni metodami &#x15B;wiat&#x142;a rozproszonego /</subfield>
    <subfield code="c">Tadeusz Karpi&#x144;ski, Czes&#x142;aw &#x141;ukianowicz, Tatiana &#x141;ukianowicz.</subfield>
  </datafield>
  <datafield tag="260" ind1=" " ind2=" ">
    <subfield code="c">1995.</subfield>
  </datafield>
  <datafield tag="500" ind1=" " ind2=" ">
    <subfield code="a">Dane z autopsji.</subfield>
  </datafield>
  <datafield tag="520" ind1=" " ind2=" ">
    <subfield code="a">W pracy dokonano kr&#xF3;tkiego przegl&#x105;du metod oceny mikronier&#xF3;wno&#x15B;ci powierzchni superg&#x142;adkich. Przedstawiono metody oceny nier&#xF3;wno&#x15B;ci powierzchni wykorzystuj&#x105;ce zjawisko rozproszenia &#x15B;wiat&#x142;a przez powierzchnie chropowate. Opisano trzy podstawowe grupy metod rozproszenia do oceny mikronier&#xF3;wno&#x15B;ci powierzchni: polegaj&#x105;ce na pomiarze nat&#x119;&#x17C;enia &#x15B;wiat&#x142;a odbitego zwierciadlanie, wykorzystuj&#x105;ce pomiar ca&#x142;kowitego nat&#x119;&#x17C;enia &#x15B;wiat&#x142;a rozproszonego oraz oparte na pomiarze k&#x105;towego rozk&#x142;adu nat&#x119;&#x17C;enia &#x15B;wiat&#x142;a rozproszonego.</subfield>
  </datafield>
  <datafield tag="650" ind1=" " ind2="0">
    <subfield code="a">Powierzchnia.</subfield>
  </datafield>
  <datafield tag="655" ind1=" " ind2="0">
    <subfield code="a">Materia&#x142;y konferencyjne.</subfield>
  </datafield>
  <datafield tag="650" ind1=" " ind2="0">
    <subfield code="a">Chropowato&#x15B;&#x107;</subfield>
  </datafield>
  <datafield tag="700" ind1=" " ind2=" ">
    <subfield code="a">&#x141;UKIANOWICZ, Czes&#x142;aw.</subfield>
    <subfield code="d">1996 - .</subfield>
    <subfield code="b">Politechnika Koszali&#x144;ska - Wydzia&#x142; Mechaniczny,</subfield>
    <subfield code="c">Katedra In&#x17C;ynierii Produkcji</subfield>
  </datafield>
  <datafield tag="700" ind1=" " ind2=" ">
    <subfield code="a">&#x141;UKIANOWICZ, Tatiana.</subfield>
    <subfield code="d">1996 - .</subfield>
    <subfield code="b">Politechnika Koszali&#x144;ska - Wydzia&#x142; Mechaniczny,</subfield>
    <subfield code="c">Katedra In&#x17C;ynierii Produkcji</subfield>
  </datafield>
  <datafield tag="711" ind1=" " ind2=" ">
    <subfield code="a">Og&#xF3;lnopolska Konferencja Naukowo-Techniczna</subfield>
    <subfield code="n">(6 ;</subfield>
    <subfield code="d">1995.09.21-22 ;</subfield>
    <subfield code="c">Rzesz&#xF3;w, Polska).</subfield>
  </datafield>
  <datafield tag="773" ind1=" " ind2=" ">
    <subfield code="i">W :</subfield>
    <subfield code="t">Metrologia w technikach wytwarzania maszyn. Zbi&#xF3;r prac VI Konferencji Naukowo-Technicznej / pod red. Kazimierza E. Oczosia, Eugeniusza Ratajczaka i Jana Sieniawskiego. -</subfield>
    <subfield code="d">Rzesz&#xF3;w : Oficyna Wydaw. Politechniki Rzeszowskiej, 1995. -</subfield>
    <subfield code="g">s. 33-42</subfield>
  </datafield>
  <datafield tag="942" ind1=" " ind2=" ">
    <subfield code="c">ART</subfield>
    <subfield code="2">UKD</subfield>
  </datafield>
  <datafield tag="999" ind1=" " ind2=" ">
    <subfield code="c">3497</subfield>
    <subfield code="d">3497</subfield>
  </datafield>
</record>
